| 000 | 00554 a2200205 4500 | ||
|---|---|---|---|
| 003 | OSt | ||
| 005 | 20180116182832.0 | ||
| 008 | 160907b xxu||||| |||| 00| 0 eng d | ||
| 020 | _a81650952X | ||
| 040 | _c0 | ||
| 082 | _a658.3 DEC 2001 | ||
| 100 | _aDecenzo,David A. | ||
| 245 |
_aHuman Resource Management _cDavid A.Decenzo |
||
| 250 | _a7th ed. | ||
| 260 |
_aNew Delhi _bJohn Wiley & Sons,INC _c2001 |
||
| 300 |
_a462 p. _bHB. Photo copy |
||
| 440 | _aHuman Resource Management | ||
| 500 | _aphoto copy | ||
| 942 |
_aNBS _cBK _k658.3 DEC 2001 _2ddc |
||
| 999 |
_c346899 _d346899 |
||